[Event "Tula Region-ch"]
[Site "Tula"]
[Date "2014.03.12"]
[Round "2"]
[White "Zhurikhin, Alexander"]
[Black "Solonin, Igor"]
[Result "1/2-1/2"]
[WhiteElo "2299"]
[BlackElo "2184"]
[PlyCount "81"]
[EventDate "2014.03.11"]
[EventType "swiss"]
[EventRounds "9"]
[EventCountry "RUS"]
[SourceTitle "CBM 159 Extra"]
[Source "ChessBase"]
[SourceDate "2014.04.24"]
[SourceVersion "1"]
[SourceVersionDate "2014.04.24"]
[SourceQuality "1"]

1. e4 c6 2. d4 d5 3. e5 Bf5 4. h4 h6 5. g4 Bd7 6. h5 e6 7. f4 c5 8. c3 Nc6 9. Nf3 cxd4 10. cxd4 Bb4+ 11. Kf2 Nge7 12. Bd3 Qc7 13. Be3 0-0-0 14. a3 Ba5 15. b4 Bb6 16. Nc3 Be8 17. Qb3 Kb8 18. Rab1 f6 19. a4 fxe5 20. Nb5 Qd7 21. Nxe5 Nxe5 22. fxe5 Rf8+ 23. Ke2 a6 24. a5 axb5 25. axb6 Qc6 26. Qc2 Qxc2+ 27. Bxc2 Nc8 28. g5 hxg5 29. Bxg5 Rd7 30. h6 gxh6 31. Rxh6 Rg7 32. Rg1 Rfg8 33. Rxe6 Bh5+ 34. Ke3 Rxg5 35. Rxg5 Rxg5 36. Rh6 Be8 37. Rh8 Bd7 38. Rd8 Be6 39. Re8 Bd7 40. Rd8 Be6 41. Re8 1/2-1/2

[Event "Riazan-ch"]
[Site "Riazan"]
[Date "2010.04.??"]
[Round "?"]
[White "Juzbashev, Vladimir"]
[Black "Solonin, Igor"]
[Result "1/2-1/2"]
[WhiteElo "2091"]
[BlackElo "2136"]
[PlyCount "30"]
[EventDate "2010.04.??"]
[EventType "swiss"]
[EventRounds "11"]
[EventCountry "RUS"]
[SourceTitle "EXT 2011"]
[Source "ChessBase"]
[SourceDate "2010.11.26"]
[SourceVersion "1"]
[SourceVersionDate "2010.11.26"]
[SourceQuality "1"]

1. d4 d5 2. c4 c6 3. Nc3 Nf6 4. Nf3 a6 5. cxd5 cxd5 6. Bf4 e6 7. e3 Be7 8. Bd3 0-0 9. Ne5 b5 10. 0-0 Bb7 11. Rc1 Nbd7 12. Qe2 Rc8 13. Nxd7 Qxd7 14. a3 Ne4 15. Na2 Rxc1 1/2-1/2

[Event "Riazan op"]
[Site "Riazan"]
[Date "2007.08.??"]
[Round "?"]
[White "Solonin, Igor"]
[Black "Kostin, Alexey"]
[Result "0-1"]
[WhiteElo "2144"]
[BlackElo "2434"]
[PlyCount "98"]
[EventDate "2007.08.??"]
[EventType "swiss"]
[EventRounds "9"]
[EventCountry "RUS"]
[SourceTitle "EXT 2009"]
[Source "ChessBase"]
[SourceDate "2008.11.26"]
[SourceVersion "1"]
[SourceVersionDate "2008.11.26"]
[SourceQuality "1"]

1. Nf3 c5 2. c4 Nf6 3. Nc3 e6 4. e3 Be7 5. Be2 0-0 6. 0-0 b6 7. b3 Bb7 8. Bb2 d5 9. cxd5 Nxd5 10. d4 Bf6 11. Ne4 Be7 12. Bd3 Nb4 13. Bb1 Ba6 14. Re1 c4 15. bxc4 Bxc4 16. a3 Nd5 17. Qc2 Ba6 18. Nc5 Nf6 19. Nxa6 Nxa6 20. Qd3 Nc7 21. e4 g6 22. Ne5 Qe8 23. Ba2 Nd7 24. Ng4 h5 25. Ne3 Bf6 26. Rac1 Qb8 27. Rc6 Qb7 28. Rec1 Na6 29. e5 Bg7 30. Rd6 Ndc5 31. dxc5 Nxc5 32. Rxc5 bxc5 33. Nc4 Rab8 34. h4 Rfc8 35. g3 Bf8 36. Rd7 Rc7 37. Rxc7 Qxc7 38. Bb1 Bg7 39. Kg2 Rxb2 40. Nxb2 Qb7+ 41. Qf3 Qxb2 42. Qe4 Bxe5 43. Bc2 Bd4 44. Qd3 Qa1 45. Bd1 c4 46. Qc2 c3 47. Qd3 Bb6 48. Bc2 Qe1 49. Qf3 Qd2 0-1